Stent v Monmouth DC (Record no. 3836)
[ view plain ]
| 000 -LEADER | |
|---|---|
| fixed length control field | 01698cab a2200241 4500 |
| 001 - CONTROL NUMBER | |
| control field | ABS37713 |
| 008 - FIXED-LENGTH DATA ELEMENTS--GENERAL INFORMATION | |
| fixed length control field | 090401t1987 xxu||||| |||| 00| 0 eng d |
| 035 ## - SYSTEM CONTROL NUMBER | |
| System control number | (Sirsi) u6372 |
| 041 ## - LANGUAGE CODE | |
| Language code of text/sound track or separate title | eng |
| 245 ## - TITLE STATEMENT | |
| Title | Stent v Monmouth DC |
| 260 ## - PUBLICATION, DISTRIBUTION, ETC. | |
| Date of publication, distribution, etc. | 1987 |
| 350 ## - PRICE (NR) (BK AM CF MU VM SE) [OBSOLETE] | |
| Price | 0 |
| 490 ## - SERIES STATEMENT | |
| Series statement | Estates Gazette |
| Volume/sequential designation | 282(6333) 9 May 1987, 705-715(6) |
| 520 ## - SUMMARY, ETC. | |
| Summary, etc. | CA 21 January 1987. An appeal by the local authority, the landlords, from a county court decision favouring the tenant, holding the authority liable for a breach of covenant to repair and maintain the structure and exterior of a dwelling house . Briefly, the front-door was the source of the dispute; it was on an exposed site and suffered from the elements to such an extent that the tenant`s carpets were damaged. This door had been a source of inconvenience for over 30 years; a range of remedial work took place, including a new door in 1979. The problem was not finally resolved until 1983, when an aluminium door was fitted. In an action in the county court, the tenant was awarded damages. The landlords appealed, submitting that the water was not due to a condition calling for repair under the covenant, but a design defect; a duty to rectify the defect could only arise if there was an existing want of repair. Held that the damage suffered by the tenant was within the ambit of the repai |
| 650 ## - SUBJECT ADDED ENTRY--TOPICAL TERM | |
| Topical term or geographic name entry element | ELMCROFT DEVELOPMENTS LTD V TANKERSLEY SAWYER |
| 650 ## - SUBJECT ADDED ENTRY--TOPICAL TERM | |
| Topical term or geographic name entry element | POST OFFICE V AQUARIUS PROPERTIES LTD |
| 650 ## - SUBJECT ADDED ENTRY--TOPICAL TERM | |
| Topical term or geographic name entry element | QUICK V TAFF ELY BC |
| 650 ## - SUBJECT ADDED ENTRY--TOPICAL TERM | |
| Topical term or geographic name entry element | RAVENSEFT PROPERTIES LTD V DAVSTONE HOLDINGS LTD |
| 650 ## - SUBJECT ADDED ENTRY--TOPICAL TERM | |
| Topical term or geographic name entry element | STENT V MONMOUTH DC |
| 690 ## - LOCAL SUBJECT ADDED ENTRY--TOPICAL TERM (OCLC, RLIN) | |
| Topical term or geographic name as entry element | LANDLORD AND TENANT-RESIDENTIAL TENANCIES-CASE LAW |
| 942 ## - ADDED ENTRY ELEMENTS (KOHA) | |
| Suppress in OPAC | 0 |
| 948 ## - LOCAL PROCESSING INFORMATION (OCLC); SERIES PART DESIGNATOR (RLIN) | |
| c (OCLC) | 04/03/1997 |
| Withdrawn status | Lost status | Source of classification or shelving scheme | Damaged status | Not for loan | Home library | Current library | Shelving location | Date acquired | Total Checkouts | Full call number | Barcode | Date last seen | Copy number | Price effective from | Koha item type |
|---|---|---|---|---|---|---|---|---|---|---|---|---|---|---|---|
| Dewey Decimal Classification | London | London | Journal article | 14/09/1999 | ABS37713 | 6372-1001 | 06/08/2019 | 1 | 06/08/2019 | Law report |